Nielen manažéri potrebujú tréning odolnosti
Odborníci pre lepšiu fyzickú a psychickú odolnosť odporúčajú koncept reziliencie. Vysvetlenie daného pojmu. Ako sa prejavuje v praktickom živote. Štyri princípy reziliencie.
Guardado en:
| Formato: | Capítulo de libro |
|---|---|
| Lenguaje: | eslovaco |
| Materias: | |
| Etiquetas: |
Sin Etiquetas, Sea el primero en etiquetar este registro!
|
MARC
| LEADER | 00000naa a2200000 4500 | ||
|---|---|---|---|
| 001 | 0278104 | ||
| 005 | 20210903081011.0 | ||
| 041 | 0 | |a slo | |
| 044 | |a SK | ||
| 245 | 1 | 0 | |a Nielen manažéri potrebujú tréning odolnosti |
| 520 | |a Odborníci pre lepšiu fyzickú a psychickú odolnosť odporúčajú koncept reziliencie. Vysvetlenie daného pojmu. Ako sa prejavuje v praktickom živote. Štyri princípy reziliencie. | ||
| 610 | 2 | 0 | |a manažéri |
| 610 | 2 | 0 | |a emócie |
| 610 | 2 | 0 | |a stresy |
| 610 | 2 | 0 | |a rozvoj osobný |